Francisco Largo Caballero: su compromiso internacional : (Record n. 9168)

Dettagli MARC
000 -LEADER
fixed length control field 00919nam a2200253 i 4500
003 - CONTROL NUMBER IDENTIFIER
control field IT-RoINE
005 - DATE AND TIME OF LATEST TRANSACTION
control field 20160510061548.0
008 - FIXED-LENGTH DATA ELEMENTS--GENERAL INFORMATION
fixed length control field 981201s1997 sp | r ||| ||spa d
020 ## - INTERNATIONAL STANDARD BOOK NUMBER
International Standard Book Number 8486716144
040 ## - CATALOGING SOURCE
Original cataloging agency SpMaBN
Transcribing agency IT-RoINE
Modifying agency IT-RoINE
100 1# - MAIN ENTRY--PERSONAL NAME
Personal name Cuesta Bustillo, Josefina
9 (RLIN) 16822
245 10 - TITLE STATEMENT
Title Francisco Largo Caballero: su compromiso internacional :
Remainder of title documentos /
Statement of responsibility, etc Josefina Cuesta Bustillo.
260 ## - PUBLICATION, DISTRIBUTION, ETC. (IMPRINT)
Place of publication, distribution, etc Madrid :
Name of publisher, distributor, etc Fundación Largo Caballero,
Date of publication, distribution, etc 1997.
300 ## - PHYSICAL DESCRIPTION
Extent 447 p. :
Other physical details il. ;
Dimensions 22 cm.
336 ## - CONTENT TYPE
Source rdacontent
Content type term text
337 ## - MEDIA TYPE
Source rdamedia
Media type term unmediated
338 ## - CARRIER TYPE
Source rdacarrier
Carrier type term volume
490 1# - SERIES STATEMENT
Series statement Historia social y del movimiento obrero
600 #0 - SUBJECT ADDED ENTRY--PERSONAL NAME
Personal name Largo Caballero, Francisco,
9 (RLIN) 17061
Chronological subdivision 1869-1946
651 #0 - SUBJECT ADDED ENTRY--GEOGRAPHIC NAME
Geographic name España
General subdivision Historia
Chronological subdivision Siglo 20o.
9 (RLIN) 6816
650 #4 - SUBJECT ADDED ENTRY--TOPICAL TERM
9 (RLIN) 6934
Topical term or geographic name as entry element Movimiento obrero
Geographic subdivision España
General subdivision Historia
Chronological subdivision Siglo 20o.
830 #0 - SERIES ADDED ENTRY--UNIFORM TITLE
9 (RLIN) 18788
Uniform title Historia social y del movimiento obrero
942 ## - ADDED ENTRY ELEMENTS (KOHA)
Item type Monografías
Dati di copia
Withdrawn status Lost status Damaged status Not for loan Home library Current library Date acquired Total Checkouts Full call number Barcode Date last seen Price effective from Koha item type
        Iglesia Nacional Española en Roma Iglesia Nacional Española en Roma 08/05/2015   HIS.ESP.4. 948 13140 08/05/2015 08/05/2015 Monografías